000
00343nam a2200145Ia 4500
008
230718s9999 xx 000 0 und d
041
_a
Eng.
082
_a
338.521
_b
GHA-T
100
_a
Ghaman, Muhammed bewed
245
4
_a
the limitation Ace
260
_a
Pakistan
_b
law beck brotings
_c
2006
300
_a
106
650
_a
Law
999
_c
28955
_d
28955